Fr. Conceicao Rodrigues College of Engineering

OCA Oracle database 11g SQL fundamentals 1 Exam guide (Exam 1ZO-051) (Record no. 22979)

MARC details
000 -LEADER
fixed length control field 00401nam a2200157Ia 4500
082 ## - DEWEY DECIMAL CLASSIFICATION NUMBER
Classification number 005.133/WAT
Item number WAT
100 ## - MAIN ENTRY--PERSONAL NAME
Personal name Watson/John/ Ramklass/R
245 ## - TITLE STATEMENT
Title OCA Oracle database 11g SQL fundamentals 1 Exam guide (Exam 1ZO-051)
260 ## - PUBLICATION, DISTRIBUTION, ETC.
Name of publisher, distributor, etc. Tata Mc Graw hill Ltd.
Place of publication, distribution, etc. New Delhi
Date of publication, distribution, etc. 2008
366 ## - TRADE AVAILABILITY INFORMATION
Publishers's discount category 17.5
300 ## - PHYSICAL DESCRIPTION
Extent 573
546 ## - LANGUAGE NOTE
Language note ENGLISH
650 ## - SUBJECT ADDED ENTRY--TOPICAL TERM
Topical term or geographic name entry element Oracle
654 ## - SUBJECT ADDED ENTRY--FACETED TOPICAL TERMS
Focus term oracle
942 ## - ADDED ENTRY ELEMENTS (KOHA)
Koha item type BOOK
Holdings
Withdrawn status Lost status Damaged status Not for loan Collection Home library Current library Date acquired Source of acquisition Cost, normal purchase price Inventory number Total Checkouts Full call number Barcode Date last seen Cost, replacement price Price effective from Koha item type
        CRC Fr. Agnel's C.Rodrigues College of Engineering Fr. Agnel's C.Rodrigues College of Engineering 17/03/2023 Educational books and periodicals 474.38 258 dt 28/04/2009   005.133/WAT WAT 19546 17/03/2023 575.00   BOOK